| 000 | 00515nam a2200181Ia 4500 | ||
|---|---|---|---|
| 003 | OSt | ||
| 005 | 20200810094224.0 | ||
| 008 | 190216s9999||||xx |||||||||||||| ||und|| | ||
| 020 | _a9788120329287 | ||
| 040 | _coclc | ||
| 082 |
_a001.424 _bPAN/O |
||
| 100 |
_aPanneerselvam, R _9819 |
||
| 245 | 0 |
_aOperations Research / _cR Panneerselvam |
|
| 250 | _a2nd Ed. | ||
| 260 |
_bPhi Learning Private Ltd, _c2010. _aNew Delhi: |
||
| 300 | _a608p | ||
| 942 |
_cBK _2ddc _h001.424 _iPAN/O _k001.424 _mPAN/O |
||
| 999 |
_c7680 _d7680 |
||